Emergence of Hindu Nationalism in India (Record no. 16054)

MARC details
000 -LEADER
fixed length control field 00630nam a2200241 a 4500
020 ## - INTERNATIONAL STANDARD BOOK NUMBER
ISBN 0198876
082 00 - DEWEY DECIMAL CLASSIFICATION NUMBER
Classification number 294.5
Author Cutter ZAV
100 ## - MAIN ENTRY--AUTHOR NAME
Author name Zavos, John
245 ## - TITLE STATEMENT
Title Emergence of Hindu Nationalism in India
260 ## - PUBLICATION, DISTRIBUTION, ETC. (IMPRINT)
Place of publication Londan
Name of publisher Oxford University Press
Year of publication 2002
300 ## - PHYSICAL DESCRIPTION
Number of Pages 245p
500 ## - GENERAL NOTE
General note includes index and biblioraphy
505 2# - FORMATTED CONTENTS NOTE
Formatted contents note Index, Quranic Verses
650 ## - SUBJECT ADDED ENTRY--TOPICAL TERM
Topical Term Religious Fundamentalism-Hindu
942 ## - ADDED ENTRY ELEMENTS (KOHA)
Koha item type Books
700 1# -
-- Zavos, John
Holdings
Collection code Home library Current library Date acquired Cost, normal purchase price Full call number Accession Number Koha item type
  Henry Martyn Institute Library Henry Martyn Institute Library 05/16/2008 250.00 294.5 ZAV 020624 Books
                   Copyright © 2026 | Henry Martyn Institute | Hyderabad | TS-500052 | INDIA | Implemented by hmi.edu.in
Hit-Count:

Powered by Koha